• 首页
  • 本馆介绍
  • 公告通知
  • 最新文献
  • 馆藏检索
  • 电子资源
  • 读者导购
  • 参考咨询
  • 我的图书馆
  • 登录
  • 详细信息显示
  • 放入我的书架
  • 预约/预借图书
  • 作者相关作品
  • 分类相关作品
  • 丛书相关作品
  • 出版社相关作品

书目信息

  • 表格格式
  • 工作单格式
  • 卡片格式
题名:
健身先健骨
    
 
作者: 赵之心 , 牛敬莹 , 邢少冬 编著
分册:  
出版信息: 北京   机械工业出版社  2010
页数: 137页
开本: 21cm
丛书名:
单 册:
中图分类: R68
科图分类:
主题词: 骨骼--保健 , 骨骼
电子资源:
ISBN: 978-7-111-30330-5
000 00836nam0 2200265 45
001 1130708015
005 20110310090536.85
010    @a978-7-111-30330-5@dCNY22.00
100    @a20110122d2010 em y0chiy0110 ea
101 0  @achi
102    @aCN@b110000
105    @aa z 000yy
106    @ar
200 1  @a健身先健骨@AJian Shen Xian Jian Gu@f赵之心,牛敬莹,邢少冬编著@FZhao Zhi Xin, Niu Jing Ying, Xing Shao Dong Bian Zhu
210    @a北京@c机械工业出版社@d2010
215    @a137页@c图@d21cm
330    @a本书分健身先生健骨、骨骼疾病攻防策略、养生健骨等几个章节。
606 0  @a骨骼@x保健
606 0  @a骨骼
690    @aR68@v4
701  0 @a赵之心@AZhao Zhi Xin@4编著
701  0 @a牛敬莹@ANiu Jing Ying@4编著
701  0 @a邢少冬@AXing Shao Dong@4编著
801  0 @aCN@bTANGWEI@c20110310
905    @b0531531-35@dR68@e42@f5
    
    健身先健骨/赵之心,牛敬莹,邢少冬编著.-北京:机械工业出版社,2010
    137页:图;21cm
    
    
    ISBN 978-7-111-30330-5:CNY22.00
    本书分健身先生健骨、骨骼疾病攻防策略、养生健骨等几个章节。
●
相关链接 在E读中查询图书 在五车中查询图书 在当当中查询图书 在豆瓣中查询图书


正题名:健身先健骨     索取号:R68/42         预约/预借

序号 登录号 条形码 馆藏地/架位号 状态 备注
1 0531531   205315318   第二样本阅览室/ [索取号:R68/42] 在馆    
2 0531532   205315327   密集书库-体育系/ [索取号:R68/42] 在馆    
3 0531533   205315336   第三借阅区/ [索取号:R68/42] 在馆    
4 0531534   205315345   第三借阅区/ [索取号:R68/42] 在馆    
5 0531535   205315354   第三借阅区/ [索取号:R68/42] 在馆    
唐山师范学院图书馆 欢迎您!
大连网信软件有限公司© 版权所有